Call of Duty: Modern Warfare 3 - Countries - Statistics

General Stats
  • This quiz has been taken 118 times
  • The average score is 12 of 17
Answer Stats
Missions Countries % Correct
Act III Russia
96%
Act I United States
96%
Act I United States
96%
Act I United Kingdom
85%
Act I United Kingdom
85%
Act II France
81%
Act II France
81%
Act II Germany
79%
Act III Germany
79%
Act I India
60%
Act I India
60%
Act II Somalia
48%
Act II Czech Republic
46%
Act II Czech Republic
46%
Act III Czech Republic
46%
Act III United Arab Emirates
45%
Act I Sierra Leone
43%
No matching quizzes found
Score Distribution
Percent of People with Each Score
Percentile by Number Answered
Your Score History
You have not taken this quiz